Major Political Parties in France - Statistics

General Stats
  • This quiz has been taken 210 times
  • The average score is 6 of 9
Answer Stats
2017 Legislative Electoral Percentage (1st Round) Ideology Answer % Correct
28.21% Liberalism La République En Marche!
91%
13.2% Right-wing Populism National Rally
87%
7.44% Social Democracy Socialist Party
87%
11.03% Democratic Socialism La France Insoumise
81%
2.72% Communism French Communist Party
79%
15.77% Liberal-conservatism The Republicans
79%
4.12% Social Liberalism Democratic Movement
38%
4.30% Green Europe Ecology – The Greens
36%
3.03% Liberalism Union of Democrats and Independents
14%
No matching quizzes found
Score Distribution
Percent of People with Each Score
Percentile by Number Answered
Your Score History
You have not taken this quiz